000 01173nam a2200265Ia 4500
999 _c54752
_d54752
001 21819
003 GE_BSU
005 20220520154947.0
008 181216s[?] ||||ge |||||||||||||| ||geo||
020 _a99928-28-92-7
040 _cGE_BSU
041 _ageo
080 _a821.353.1(075.3) მ-97
245 _aმშობლიური ენა :
_bმე-3 კლ. /
_cვახტანგ როდონაია, ლალი ვაშაკიძე, დარეჯან კახიანი და სხვ. ; მხატვ. ზაურ დეისაძე.
264 _aთბილისი :
_bსაქართველოს მაცნე,
_c[?].
300 _a57გვ. :
_b ილ. ;
_c28 სმ.
541 _h8 ლ.
653 _aმშობლიური ენა
653 _aმე-3 კლასი
653 _aქართული ენა
700 _aროდონაია, ვახტანგ
_eავტორი
_913799
700 _aვაშაკიძე, ლალი
_eავტორი
_913800
700 _aდეისაძე, ზაურ
_eმხატვარი
_913801
942 _cBK
_2udc